000 00781nam a2200253Ia 4500
003 OSt
005 20221005034721.0
006 a|||||r|||| 00| 0
007 ta
008 221004b |||||||| |||| 00| 0 urd d
020 _a9789350730010 (hbk)
_c270
024 _a4678
037 _b6072, 25/03/2013, Educational Publishing House
_cTextual
040 _aCRL
_cCRL
_burd
041 _2urd
_aurd
082 _aY:1, 168Q2
100 _aBari Syed Abdul Au.
_9179136
245 0 _aUrdu adab ka tehzibi tanazur
260 _aDelhi
_bEducational Publishing House India
_c2012
300 _a224p.
_ccm.
650 _aCULTURE
942 _hY:1, 168Q2
_cTEXL
_2cc
999 _c943927
_d943927